000 00635nam a22001817a 4500
003 OSt
005 20120302151304.0
008 091021t xxu||||| |||| 00| 0 eng d
035 _a१५५९३
040 _cमराठी
100 _aजोशी, द. दा.
_99429
222 _aक्रांतिकारक/ देशभक्त/ चरित्र
245 _aक्रांतिकारकांच्या कथा (भाग २ रा)
250 _a१ ली
260 _aमुंबई
_bमॅजेस्टिक
_c१९८९
300 _b१७१ पाने
942 _2ddc
_cBOOK
999 _c494208
_d494205